[Event "4NCL/Div2/KHE vs. PYO"]
[Site "West Bromwich ENG"]
[Date "2004.05.03"]
[Round "9.6"]
[White "Player, Edmund C"]
[Black "Okike, David C"]
[Result "1-0"]
[WhiteElo "2151"]
[BlackElo "2172"]
[PlyCount "119"]
[EventDate "2004.05.03"]

1. e4 e6 2. d4 d5 3. Nd2 Nf6 4. e5 Nfd7 5. c3 c5 6. Bd3 b6 7. Nh3 cxd4 8. cxd4
Nc6 9. Nf3 Nb4 10. Be2 Ba6 11. a3 Bxe2 12. Qxe2 Nc6 13. b4 h6 14. Be3 Be7 15.
O-O O-O 16. Nd2 Rc8 17. Qg4 Kh7 18. f4 f5 19. exf6 Bxf6 20. Nf3 Qe8 21. Ne5 Nd8
22. Rac1 Rxc1 23. Rxc1 Bxe5 24. fxe5 Nb8 25. Nf4 Qf7 26. b5 a6 27. a4 axb5 28.
axb5 Nd7 29. h4 g6 30. Rc7 Rg8 31. Nxd5 Kh8 32. Qh3 Qe8 33. Nf6 Nxf6 34. exf6
Rf8 35. Bxh6 Rf7 36. Qg3 Kh7 37. Rxf7+ Nxf7 38. Be3 Qxb5 39. Qc7 Qe8 40. Qe7
Qxe7 41. fxe7 Nd6 42. d5 exd5 43. Bxb6 Kg7 44. Bc5 Ne8 45. Kf2 Kf6 46. Ke3 Kf5
47. Kd4 Nf6 48. Bb4 Ke6 49. g4 Ne8 50. h5 gxh5 51. gxh5 Kf7 52. Kxd5 Nf6+ 53.
Kd6 Nxh5 54. Kd7 Nf6+ 55. Kd8 Ne8 56. Bc5 Ng7 57. Kd7 Ne8 58. Bd4 Nc7 59. Bc3
Ne8 60. Be5 1-0

[Event "4NCL/Div2/KHE vs. PYO"]
[Site "West Bromwich ENG"]
[Date "2004.05.03"]
[Round "9.7"]
[White "Mackenzie, Colin"]
[Black "Levermore, Peter A"]
[Result "0-1"]
[WhiteElo "2147"]
[BlackElo "2066"]
[PlyCount "62"]
[EventDate "2004.05.03"]

1. Nf3 g6 2. c4 Bg7 3. Nc3 d6 4. g3 e5 5. Bg2 Nc6 6. d3 Bg4 7. O-O Nge7 8. Rb1
Qc8 9. Re1 O-O 10. b4 Nd4 11. Nxd4 exd4 12. Nd5 Nxd5 13. cxd5 Re8 14. Bb2 Qd7
15. Rc1 Re7 16. Rc4 Rae8 17. f3 b5 18. Rc2 Bh3 19. Qa1 Bxg2 20. Kxg2 Re3 21.
Bxd4 Bxd4 22. Qxd4 R8e5 23. Qxa7 Rxd3 24. Rxc7 Qf5 25. Qa8+ Kg7 26. Rc8 Rxe2+
27. Rxe2 Qxf3+ 28. Kh3 Qh5+ 29. Kg2 Qxe2+ 30. Kh3 Qh5+ 31. Kg2 Rd2+ 0-1

[Event "4NCL/Div2/KHE vs. PYO"]
[Site "West Bromwich ENG"]
[Date "2004.05.03"]
[Round "9.8"]
[White "Miller, Naomi K"]
[Black "Connolly, Suzanne"]
[Result "1/2-1/2"]
[WhiteElo "1680"]
[BlackElo "2072"]
[PlyCount "72"]
[EventDate "2004.05.03"]

1. e4 c6 2. d4 d5 3. Nc3 dxe4 4. Nxe4 Bf5 5. Ng3 Bg6 6. Nf3 Nd7 7. Bd3 Bxd3 8.
Qxd3 e6 9. O-O Ngf6 10. Re1 Be7 11. Bd2 O-O 12. Qb3 Nb6 13. Ba5 Bd6 14. Bxb6
axb6 15. Ne2 Bc7 16. Rad1 Ra5 17. a3 Nd5 18. c4 Nf6 19. Nc3 Qd6 20. Ne4 Nxe4
21. Rxe4 b5 22. c5 Qd7 23. Qc2 h6 24. Ne5 Qe7 25. Qc3 Ra4 26. Nd3 Rd8 27. Ne1
Qf6 28. b4 Raa8 29. Nc2 e5 30. Rde1 exd4 31. Nxd4 Kf8 32. Qe3 Kg8 33. g3 Rd5
34. Nc2 Qb2 35. Qe2 Qf6 36. Re7 Rc8 1/2-1/2

[Event "4NCL/Div2/GUI2 vs. MIN1"]
[Site "West Bromwich ENG"]
[Date "2004.05.03"]
[Round "9.1"]
[White "Kosten, Anthony C"]
[Black "Bellin, Robert"]
[Result "1-0"]
[WhiteElo "2507"]
[BlackElo "2385"]
[PlyCount "39"]
[EventDate "2004.05.03"]

1. Nf3 c5 2. c4 g6 3. g3 Bg7 4. Bg2 Nc6 5. Nc3 e5 6. O-O Nge7 7. a3 O-O 8. b4
d6 9. Rb1 f5 10. Ne1 e4 11. Bb2 Be6 12. d3 Ne5 13. Ba1 Rb8 14. dxe4 Nxc4 15.
exf5 gxf5 16. Qc1 cxb4 17. axb4 f4 18. Nd3 fxg3 19. hxg3 b5 20. Ne4 1-0

[Event "4NCL/Div2/GUI2 vs. MIN1"]
[Site "West Bromwich ENG"]
[Date "2004.05.03"]
[Round "9.2"]
[White "McFarland, Robert S"]
[Black "Conquest, Stuart C"]
[Result "0-1"]
[WhiteElo "2268"]
[BlackElo "2524"]
[PlyCount "79"]
[EventDate "2004.05.03"]

1. Nf3 d5 2. c4 d4 3. g3 g6 4. Bg2 Bg7 5. d3 e5 6. O-O Ne7 7. b4 O-O 8. Nbd2 h6
9. Rb1 Be6 10. Ne4 Nd7 11. e3 dxe3 12. fxe3 Rb8 13. Qc2 f5 14. Nf2 c6 15. Rd1
Qc7 16. d4 e4 17. Nd2 Bf7 18. Nb3 Nf6 19. a4 Rbc8 20. Bd2 g5 21. Re1 Kh8 22.
Kh1 Bg8 23. Rbc1 Ng6 24. Qd1 Qf7 25. Rf1 Qe7 26. Nh3 Ng4 27. Qe2 b6 28. Nf2 Nf6
29. Nh3 Be6 30. Nf2 Qf7 31. Rc2 Qg8 32. Na1 Rfe8 33. Rfc1 Bd7 34. Nb3 f4 35.
Qe1 fxg3 36. hxg3 Qf8 37. Nh3 Ng4 38. Qf1 Qd6 39. Qe1 Nh4 40. c5 {time} 0-1

[Event "4NCL/Div2/GUI2 vs. MIN1"]
[Site "West Bromwich ENG"]
[Date "2004.05.03"]
[Round "9.3"]
[White "Povah, Nigel E"]
[Black "Kenworthy, Gary"]
[Result "1/2-1/2"]
[WhiteElo "2369"]
[BlackElo "2293"]
[PlyCount "82"]
[EventDate "2004.05.03"]

1. d4 Nf6 2. Bg5 d5 3. Bxf6 gxf6 4. c4 Bf5 5. Nc3 e6 6. cxd5 exd5 7. e3 Nc6 8.
Bd3 Bg6 9. a3 Qd7 10. Nge2 Bh6 11. Qc2 O-O 12. h4 Kh8 13. Ng3 Rfe8 14. Nce2 Ne7
15. h5 Bxd3 16. Qxd3 Rac8 17. b4 Rg8 18. Rc1 c6 19. Rc3 Rce8 20. O-O Rg4 21.
Rfc1 a6 22. a4 f5 23. b5 axb5 24. axb5 f4 25. bxc6 bxc6 26. exf4 Bxf4 27. Nxf4
Rxf4 28. Qe3 Rf6 29. Qg5 Re6 30. Rf3 Ng8 31. Kh2 f6 32. Qf4 Qf7 33. Rfc3 Ne7
34. Kg1 Qg7 35. Nf5 Nxf5 36. Qxf5 Qd7 37. Qf4 Qf7 38. Qf5 Qd7 39. Re3 Qd6 40.
Rg3 Re4 41. Re3 Rxe3 1/2-1/2

[Event "4NCL/Div2/GUI2 vs. MIN1"]
[Site "West Bromwich ENG"]
[Date "2004.05.03"]
[Round "9.4"]
[White "Radovanovic, Jovica"]
[Black "Jackson, Adrian"]
[Result "1/2-1/2"]
[WhiteElo "2189"]
[BlackElo "2217"]
[PlyCount "115"]
[EventDate "2004.05.03"]

1. e4 c5 2. Nf3 d6 3. Bb5+ Bd7 4. Bxd7+ Qxd7 5. c4 Nc6 6. O-O g6 7. d4 cxd4 8.
Nxd4 Bg7 9. Ne2 Nf6 10. Nbc3 O-O 11. f3 Rfc8 12. Be3 Ne5 13. b3 Qd8 14. Qd2 a6
15. a4 Nc6 16. Rab1 a5 17. Kh1 Nb4 18. Nd4 Nd7 19. Nd5 Nxd5 20. exd5 Nc5 21.
Nb5 Qd7 22. Bg5 Re8 23. Rfe1 b6 24. h3 Rac8 25. g4 Be5 26. f4 Bg7 27. f5 gxf5
28. Bh6 Bf6 29. Rg1 Kh8 30. Nd4 fxg4 31. Rbf1 Rg8 32. Rxf6 exf6 33. Qf4 Rg6 34.
h4 Qe7 35. Nf5 Qe4+ 36. Qxe4 Nxe4 37. h5 Rgg8 38. Ne7 Rce8 39. Nxg8 Rxg8 40.
Be3 f5 41. Bd4+ f6 42. Rf1 Rg5 43. Kg2 Rxh5 44. Bxb6 Rh3 45. Rxf5 Rxb3 46. Bd4
Rd3 47. Bxf6+ Nxf6 48. Rxf6 Rd4 49. Rxd6 Rxc4 50. Ra6 Rxa4 51. Kg3 Kg7 52. Kh4
Kf7 53. Rh6 Ke7 54. Rxh7+ Kd6 55. Rg7 Rd4 56. Ra7 a4 57. Ra5 Kc7 58. Rb5
1/2-1/2

[Event "4NCL/Div2/GUI2 vs. MIN1"]
[Site "West Bromwich ENG"]
[Date "2004.05.03"]
[Round "9.5"]
[White "Thompson, Ian D"]
[Black "Almond, Richard"]
[Result "1-0"]
[WhiteElo "2259"]
[BlackElo "2164"]
[PlyCount "123"]
[EventDate "2004.05.03"]

1. c4 c6 2. Nf3 d5 3. e3 Nf6 4. Qc2 g6 5. b3 Bg7 6. Bb2 O-O 7. Be2 Nbd7 8. O-O
Re8 9. d4 Ne4 10. Nc3 Nxc3 11. Bxc3 e5 12. cxd5 cxd5 13. dxe5 Nxe5 14. Nxe5
Bxe5 15. Bxe5 Rxe5 16. Qb2 Qe7 17. Rac1 h5 18. Qd4 Bf5 19. Rc3 Qd6 20. Rd1 a6
21. Bf3 Rd8 22. Rc5 Be6 23. Rdc1 Bf5 24. Rd1 Be6 25. h4 Kh7 26. Rdc1 Bf5 27.
Rc7 Re7 28. Qc5 Rxc7 29. Qxc7 Qd7 30. Qe5 Be6 31. Rc7 Qd6 32. Qxd6 Rxd6 33.
Rxb7 Rc6 34. Ra7 Kg7 35. g3 Kf6 36. Kg2 Ke5 37. a3 Rb6 38. b4 d4 39. exd4+ Kxd4
40. Rc7 Kd3 41. Rc5 Kd4 42. Be2 Bd5+ 43. f3 Be6 44. Kf2 Bd5 45. Ke1 Rf6 46. f4
Re6 47. Kd2 Rb6 48. Bd3 f5 49. Rc8 Bc6 50. Rd8+ Bd5 51. Be2 Ke4 52. Bd3+ Kf3
53. Rxd5 Kxg3 54. Ke3 Re6+ 55. Re5 Rc6 56. a4 Rb6 57. b5 axb5 58. Rxb5 Re6+ 59.
Re5 Rc6 60. a5 Kxh4 61. a6 Kg3 62. a7 1-0

[Event "4NCL/Div2/GUI2 vs. MIN1"]
[Site "West Bromwich ENG"]
[Date "2004.05.03"]
[Round "9.6"]
[White "Muter, Donny"]
[Black "Granat, Russell G"]
[Result "0-1"]
[WhiteElo "2136"]
[BlackElo "2252"]
[PlyCount "76"]
[EventDate "2004.05.03"]

1. d4 d5 2. c4 Bf5 3. cxd5 Bxb1 4. Qa4+ c6 5. Rxb1 Qxd5 6. Nf3 Nd7 7. a3 e5 8.
dxe5 Nxe5 9. Nxe5 Qxe5 10. Qb3 O-O-O 11. Qc2 Nf6 12. g3 Qe4 13. Bh3+ Kc7 14.
Qxe4 Nxe4 15. Bf5 Nd6 16. Bf4 Be7 17. Kd1 g5 18. Bxd6+ Rxd6+ 19. Kc2 h5 20.
Rhd1 h4 21. e4 hxg3 22. hxg3 Rh2 23. Rf1 Bf6 24. Rbe1 Be5 25. Re3 c5 26. Rf3 f6
27. Bg6 a5 28. b3 b5 29. Be8 Kb6 30. Rd3 Bd4 31. Kd1 c4 32. bxc4 bxc4 33. Rd2
Kc5 34. Kc2 c3 35. Re2 Rb6 36. a4 Rb2+ 37. Kd3 Rxe2 38. Kxe2 Bxf2 {time} 0-1

[Event "4NCL/Div2/GUI2 vs. MIN1"]
[Site "West Bromwich ENG"]
[Date "2004.05.03"]
[Round "9.7"]
[White "Anderton, Matthew N"]
[Black "Hegarty, Sarah N"]
[Result "1-0"]
[WhiteElo "2242"]
[BlackElo "1891"]
[PlyCount "85"]
[EventDate "2004.05.03"]

1. e4 Nf6 2. e5 Nd5 3. d4 d6 4. Nf3 dxe5 5. Nxe5 g6 6. Bc4 c6 7. Nd2 Bg7 8. O-O
Nd7 9. Ndf3 Qc7 10. Re1 Nxe5 11. Nxe5 Be6 12. Bb3 Qd6 13. c4 Nc7 14. Bf4 Qd8
15. Qf3 O-O 16. Rad1 Qc8 17. h3 Bd7 18. d5 cxd5 19. cxd5 Ne8 20. Nd3 Qd8 21.
Bg5 Bf6 22. Bh6 Bg7 23. Bxg7 Kxg7 24. Qe4 Bf5 25. Qxe7 Qxe7 26. Rxe7 Nd6 27. g4
Bc8 28. Rc1 a5 29. a4 b5 30. Rc6 Rd8 31. axb5 Nxb5 32. Rc5 Nd4 33. Bc4 Kf8 34.
Rcc7 Nf3+ 35. Kg2 Ng5 36. h4 Ne6 37. dxe6 Bxe6 38. Bxe6 Rxd3 39. Rxf7+ Ke8 40.
Rce7+ Kd8 41. Rd7+ Rxd7 42. Rxd7+ Ke8 43. Rxh7 1-0

[Event "4NCL/Div2/GUI2 vs. MIN1"]
[Site "West Bromwich ENG"]
[Date "2004.05.03"]
[Round "9.8"]
[White "Kelly, Paul J"]
[Black "Yurenok, Maria S"]
[Result "1/2-1/2"]
[WhiteElo "1744"]
[BlackElo "2100"]
[PlyCount "105"]
[EventDate "2004.05.03"]

1. d4 d5 2. Bg5 Nf6 3. e3 Ne4 4. Bf4 Bf5 5. Nd2 e6 6. Ngf3 Nd7 7. h3 Be7 8. Be2
O-O 9. O-O c5 10. c3 c4 11. Nxe4 Bxe4 12. Nd2 Bg6 13. e4 b5 14. exd5 exd5 15.
Nf3 a5 16. Re1 Ra6 17. Ne5 Nxe5 18. Bxe5 f6 19. Bf4 Bd6 20. Qd2 Qc7 21. Bxd6
Qxd6 22. Bg4 Bf7 23. Bf5 b4 24. f4 bxc3 25. bxc3 Rb6 26. Rab1 Rfb8 27. Rxb6
Rxb6 28. Rb1 g6 29. Bc2 Rxb1+ 30. Bxb1 Qb8 31. Qc1 Qb5 32. Bc2 Kg7 33. Kf2 Qb7
34. g4 Be8 35. h4 Bf7 36. g5 f5 37. h5 h6 38. Kf3 Qc7 39. Qg1 Qe7 40. hxg6 Bxg6
41. gxh6+ Kxh6 42. Kf2 Bh5 43. Bxf5 Qe2+ 44. Kg3 Qf3+ 45. Kh4 Qxf4+ 46. Bg4 a4
47. Qg3 Qg5+ 48. Kh3 Bxg4+ 49. Qxg4 Qe3+ 50. Kh4 Qe1+ 51. Qg3 Qxg3+ 52. Kxg3
Kg5 53. a3 1/2-1/2

[Event "4NCL/Div2/WES1 vs. BAR3"]
[Site "West Bromwich ENG"]
[Date "2004.05.03"]
[Round "9.1"]
[White "Corkett, Anthony R"]
[Black "Taylor, Peter"]
[Result "1/2-1/2"]
[WhiteElo "2314"]
[BlackElo "2270"]
[PlyCount "124"]
[EventDate "2004.05.03"]

1. d4 Nf6 2. Nf3 e6 3. g3 d5 4. Bg2 Be7 5. c4 O-O 6. Qc2 c5 7. dxc5 Qa5+ 8. Qc3
Qxc5 9. cxd5 Nxd5 10. Qxc5 Bxc5 11. a3 Nc6 12. Nbd2 Bd7 13. O-O Rfd8 14. b4 Be7
15. Bb2 Bf6 16. Bxf6 Nxf6 17. Nc4 Be8 18. Rfd1 Rxd1+ 19. Rxd1 Rd8 20. Rxd8 Nxd8
21. Nfe5 Nd7 22. Nd3 Nb8 23. Nd6 Bc6 24. e4 a6 25. f4 Kf8 26. e5 Bxg2 27. Kxg2
f6 28. Kf3 Nd7 29. Ke4 fxe5 30. fxe5 b6 31. a4 Nc6 32. b5 axb5 33. axb5 Ne7 34.
Nb4 Ng6 35. Nc6 Nc5+ 36. Kd4 Ne7 37. Nxe7 Kxe7 38. Nc8+ Kd8 39. Nxb6 Nb3+ 40.
Ke3 Na5 41. Kd3 Kc7 42. Na4 Nb7 43. Kd4 Nd8 44. Nc5 Kb6 45. Kc4 Nf7 46. Nxe6
Nxe5+ 47. Kb4 Nd3+ 48. Kc4 Ne5+ 49. Kd5 Ng4 50. h4 Nf6+ 51. Ke5 Ne8 52. Nd4 Kc5
53. g4 Nf6 54. g5 Ne8 55. Nf5 g6 56. Nd4 Kb6 57. Ke6 Ng7+ 58. Kf7 Nf5 59. Nf3
Kxb5 60. Kg8 h6 61. Nd4+ Kc5 62. Nxf5 hxg5 1/2-1/2

[Event "4NCL/Div2/WES1 vs. BAR3"]
[Site "West Bromwich ENG"]
[Date "2004.05.03"]
[Round "9.2"]
[White "Lewis, Andrew P"]
[Black "Webb, Richard M"]
[Result "1-0"]
[WhiteElo "2236"]
[BlackElo "2348"]
[PlyCount "51"]
[EventDate "2004.05.03"]

1. c4 c5 2. Nc3 Nf6 3. Nf3 d5 4. cxd5 Nxd5 5. e4 Nb4 6. Bc4 Nd3+ 7. Ke2 Nf4+ 8.
Kf1 Ne6 9. b4 cxb4 10. Ne2 Nc7 11. d4 e6 12. h4 Nd7 13. Bg5 Nf6 14. Rh3 b5 15.
Bb3 Bb7 16. d5 Be7 17. Bxf6 gxf6 18. Nfd4 Qd6 19. Rc1 Rd8 20. Rd3 Rd7 21. Rxc7
Qxc7 22. dxe6 fxe6 23. Nxe6 Qc6 24. N2d4 Qxe4 25. Ng7+ Kd8 26. f3 1-0

[Event "4NCL/Div2/WES1 vs. BAR3"]
[Site "West Bromwich ENG"]
[Date "2004.05.03"]
[Round "9.3"]
[White "Simons, Martin J"]
[Black "Mack, Andrew"]
[Result "1/2-1/2"]
[WhiteElo "2285"]
[BlackElo "2262"]
[PlyCount "33"]
[EventDate "2004.05.03"]

1. e4 e6 2. d3 d5 3. Nd2 Nf6 4. Ngf3 Nc6 5. c3 Bd6 6. Be2 O-O 7. O-O e5 8. Qc2
a5 9. Re1 a4 10. Nf1 h6 11. Ng3 d4 12. Bd2 a3 13. b3 Re8 14. Rac1 dxc3 15. Bxc3
Bg4 16. h3 Be6 17. Qd2 1/2-1/2

[Event "4NCL/Div2/WES1 vs. BAR3"]
[Site "West Bromwich ENG"]
[Date "2004.05.03"]
[Round "9.4"]
[White "Hodgson, John H"]
[Black "Allicock, Rawle A"]
[Result "0-1"]
[WhiteElo "2219"]
[BlackElo "2279"]
[PlyCount "78"]
[EventDate "2004.05.03"]

1. e4 e6 2. d4 d5 3. Nd2 Nf6 4. e5 Nfd7 5. c3 c5 6. Bd3 Nc6 7. Ne2 cxd4 8. cxd4
f6 9. exf6 Nxf6 10. O-O Bd6 11. Nf3 O-O 12. Bf4 Nh5 13. Bxd6 Qxd6 14. Qd2 Bd7
15. Rac1 Rf6 16. Bb5 Raf8 17. Bxc6 Bxc6 18. Ne5 Bb5 19. g3 Qa6 20. Rce1 Qxa2
21. Nc3 Qa5 22. b4 Qb6 23. Nxb5 Qxb5 24. Ng4 Rg6 25. Ne5 Rgf6 26. Ng4 Rf3 27.
Qg5 Nf6 28. Rxe6 Nxg4 29. Qxg4 Qxb4 30. Re2 Rd3 31. Qe6+ Kh8 32. Qxd5 Rxd4 33.
Qh5 a5 34. Rfe1 Rd2 35. Re7 Rdxf2 36. Qd5 Qb6 37. Rxb7 Rf1+ 38. Kg2 Qf2+ 39.
Kh3 Rxe1 0-1

[Event "4NCL/Div2/WES1 vs. BAR3"]
[Site "West Bromwich ENG"]
[Date "2004.05.03"]
[Round "9.5"]
[White "Yeo, Michael J"]
[Black "Rich, Mark"]
[Result "1/2-1/2"]
[WhiteElo "2244"]
[BlackElo "2198"]
[PlyCount "34"]
[EventDate "2004.05.03"]

1. e4 d5 2. exd5 Qxd5 3. Nc3 Qa5 4. d4 Nf6 5. Nf3 Bf5 6. Ne5 e6 7. Nc4 Qb4 8.
a3 Qe7 9. Na5 c6 10. Bf4 Qd7 11. Be2 Be7 12. Bf3 O-O 13. Qd2 Nd5 14. Be5 Bd8
15. Nb3 Qe7 16. O-O Nd7 17. Bg3 N7b6 1/2-1/2

[Event "4NCL/Div2/WES1 vs. BAR3"]
[Site "West Bromwich ENG"]
[Date "2004.05.03"]
[Round "9.6"]
[White "Bhatia, Kanwal K"]
[Black "Upton, Ian J"]
[Result "1/2-1/2"]
[WhiteElo "2065"]
[BlackElo "2224"]
[PlyCount "58"]
[EventDate "2004.05.03"]

1. e4 c5 2. c3 e6 3. d4 d5 4. exd5 exd5 5. Be3 c4 6. b3 cxb3 7. axb3 Nc6 8. Bd3
Nge7 9. Qf3 Be6 10. Ne2 Qd7 11. h3 Bf5 12. Bxf5 Qxf5 13. Qxf5 Nxf5 14. Nf4
O-O-O 15. O-O g6 16. Nd2 Bh6 17. Nf3 Nxe3 18. fxe3 Rhe8 19. Rfe1 a6 20. Kf2 Re7
21. Re2 Bxf4 22. exf4 Rxe2+ 23. Kxe2 Re8+ 24. Kd3 f6 25. Re1 Rxe1 26. Nxe1 Na5
27. Kc2 b6 28. g3 Kd7 29. Ng2 Nc6 1/2-1/2

[Event "4NCL/Div2/WES1 vs. BAR3"]
[Site "West Bromwich ENG"]
[Date "2004.05.03"]
[Round "9.7"]
[White "Hopkins, Jamie R"]
[Black "Flower, David"]
[Result "1/2-1/2"]
[WhiteElo "2136"]
[BlackElo "2125"]
[PlyCount "75"]
[EventDate "2004.05.03"]

1. c4 d6 2. g3 g6 3. Bg2 Bg7 4. Nc3 e5 5. Nf3 Nc6 6. d3 Nge7 7. O-O O-O 8. Ne1
Nd4 9. e3 Ne6 10. Nc2 c6 11. d4 f5 12. d5 Nc5 13. b4 e4 14. bxc5 Bxc3 15. Rb1
cxd5 16. cxd5 Be5 17. cxd6 Qxd6 18. Ba3 Qd7 19. d6 Nc6 20. Qd5+ Qf7 21. Qxf7+
Rxf7 22. f3 exf3 23. Bxf3 Be6 24. Rxb7 Rxb7 25. Bxc6 Rab8 26. Bxb7 Rxb7 27. Rd1
Rd7 28. Nd4 Bxa2 29. Nc6 Bf6 30. Bc5 Kf7 31. Nxa7 Ke6 32. Nb5 Bd8 33. Nc3 Bb3
34. Rb1 Bc2 35. Rc1 Bd3 36. Rd1 Bc2 37. Rc1 Bd3 38. Rd1 1/2-1/2

[Event "4NCL/Div2/WES1 vs. BAR3"]
[Site "West Bromwich ENG"]
[Date "2004.05.03"]
[Round "9.8"]
[White "Smith, Lucy"]
[Black "Khoo, Teresa"]
[Result "1/2-1/2"]
[WhiteElo "1624"]
[BlackElo "2044"]
[PlyCount "39"]
[EventDate "2004.05.03"]

1. d4 Nf6 2. c4 e6 3. Nc3 Bb4 4. e3 b6 5. Nge2 Ne4 6. Qc2 Nxc3 7. bxc3 Be7 8.
e4 Ba6 9. Qa4 O-O 10. Nf4 c5 11. Be3 Qc7 12. Rc1 Bd6 13. e5 Be7 14. Be2 Bb7 15.
O-O f6 16. Nd3 fxe5 17. Nxe5 Bd6 18. f4 Nc6 19. Qc2 Ne7 20. Bd3 1/2-1/2

[Event "4NCL/Div2/WES1 vs. BRI1"]
[Site "West Bromwich ENG"]
[Date "2004.05.23"]
[Round "11.1"]
[White "Poulton, James"]
[Black "Beaumont, Chris"]
[Result "0-1"]
[WhiteElo "2366"]
[BlackElo "2336"]
[PlyCount "78"]
[EventDate "2004.05.23"]

1. d4 g6 2. c4 Bg7 3. Nc3 d6 4. g3 Nd7 5. Bg2 e5 6. Nf3 Ngf6 7. O-O O-O 8. Qc2
exd4 9. Nxd4 Ne5 10. Rd1 Nxc4 11. Ncb5 d5 12. b3 c5 13. bxc4 cxd4 14. Nxd4 dxc4
15. Rb1 Bd7 16. Bxb7 Qa5 17. Qxc4 Rad8 18. Bf4 Qh5 19. Bg2 Ng4 20. Nf3 Be6 21.
Qa6 Qc5 22. Rf1 Bc4 23. Rbc1 Qxf2+ 24. Rxf2 Bxa6 25. Rff1 Bxe2 26. Rfe1 Bb5 27.
h3 Nf6 28. Re7 a6 29. Be5 Nd5 30. Ra7 Bh6 31. Re1 Be3+ 32. Rxe3 Nxe3 33. Ng5
Nxg2 34. Ne4 f6 35. Nxf6+ Rxf6 36. Bxf6 Rd2 37. a4 Bc4 38. Bg5 Rc2 39. Rc7 Ne1
0-1

[Event "4NCL/Div2/WES1 vs. BRI1"]
[Site "West Bromwich ENG"]
[Date "2004.05.23"]
[Round "11.2"]
[White "Cobb, Charles"]
[Black "Webb, Richard M"]
[Result "1-0"]
[WhiteElo "2406"]
[BlackElo "2348"]
[PlyCount "121"]
[EventDate "2004.05.23"]

1. c4 c5 2. Nf3 Nf6 3. Nc3 d5 4. d4 cxd4 5. Nxd5 Nxd5 6. cxd5 Qxd5 7. Qxd4 Qxd4
8. Nxd4 a6 9. e4 e5 10. Nf3 Bb4+ 11. Bd2 Bxd2+ 12. Kxd2 Nc6 13. Bc4 f6 14. a3
Ke7 15. Bd5 Bd7 16. Rac1 Rac8 17. Rc3 Rc7 18. Rhc1 Rhc8 19. Ne1 Kd8 20. Nd3 b6
21. f4 g6 22. fxe5 Nxe5 23. Nxe5 fxe5 24. Rxc7 Rxc7 25. Rf1 Ba4 26. b3 Bc6 27.
Rf6 Bxd5 28. exd5 Rc5 29. Rxb6 Rxd5+ 30. Ke3 a5 31. Rb7 h5 32. b4 axb4 33. axb4
Rd4 34. Rb5 Rg4 35. g3 h4 36. Kf3 Rc4 37. Rd5+ Ke7 38. Rxe5+ Kf6 39. Re4 Rc3+
40. Re3 Rc2 41. Re2 Rc3+ 42. Kg2 Rb3 43. Re4 Rb2+ 44. Kh3 hxg3 45. hxg3 Kg5 46.
Re5+ Kf6 47. Re4 Kg5 48. g4 Rb3+ 49. Kg2 Kh4 50. Kf2 g5 51. Ke2 Rc3 52. Kd2 Rc8
53. b5 Kg3 54. b6 Rb8 55. Rb4 Rb7 56. Ke3 Kh3 57. Kf3 Kh4 58. Kg2 Rc7 59. b7
Rc4 60. b8=Q Rxb4 61. Qg3# 1-0

[Event "4NCL/Div2/WES1 vs. BRI1"]
[Site "West Bromwich ENG"]
[Date "2004.05.23"]
[Round "11.3"]
[White "Yeo, Michael J"]
[Black "Rudd, Jack"]
[Result "0-1"]
[WhiteElo "2244"]
[BlackElo "2253"]
[PlyCount "58"]
[EventDate "2004.05.23"]

1. e4 e6 2. Nf3 c5 3. d4 cxd4 4. Nxd4 Nf6 5. Nc3 Nc6 6. Ndb5 Bb4 7. Bf4 Nxe4 8.
Qf3 d5 9. Nc7+ Kf8 10. O-O-O Bxc3 11. bxc3 Qe7 12. Qxe4 dxe4 13. Bd6 Rb8 14.
Nb5 a6 15. Bxe7+ Kxe7 16. Nd6 f5 17. Be2 Rd8 18. Nc4 b5 19. Nd2 Bb7 20. Nb3 Ne5
21. Na5 Rdc8 22. Kb2 Bd5 23. Rd2 Rc7 24. Ra1 b4 25. cxb4 Rxb4+ 26. Ka3 Rb6 27.
Nb3 a5 28. Nd4 Bc4 29. Ka4 Bxe2 0-1

[Event "4NCL/Div2/WES1 vs. BRI1"]
[Site "West Bromwich ENG"]
[Date "2004.05.23"]
[Round "11.4"]
[White "Sherwin, James T"]
[Black "Simons, Martin J"]
[Result "1/2-1/2"]
[WhiteElo "2309"]
[BlackElo "2285"]
[PlyCount "51"]
[EventDate "2004.05.23"]

1. Nf3 d6 2. e4 Nc6 3. h3 e5 4. Bb5 Nf6 5. d4 exd4 6. Nxd4 Bd7 7. Nc3 Be7 8.
Bxc6 bxc6 9. Qf3 O-O 10. O-O Re8 11. Re1 c5 12. Nf5 Bxf5 13. Qxf5 Qd7 14. Qf3
Qc6 15. Bf4 Rab8 16. b3 Bd8 17. Nd5 Nxd5 18. exd5 Qd7 19. Qg4 Rxe1+ 20. Rxe1 f5
21. Qh5 g6 22. Qe2 Bf6 23. Qe6+ Qxe6 24. Rxe6 Kf7 25. Kf1 c4 26. Re2 1/2-1/2

[Event "4NCL/Div2/WES1 vs. BRI1"]
[Site "West Bromwich ENG"]
[Date "2004.05.23"]
[Round "11.5"]
[White "Corkett, Anthony R"]
[Black "Buckley, David E"]
[Result "1/2-1/2"]
[WhiteElo "2314"]
[BlackElo "2203"]
[PlyCount "92"]
[EventDate "2004.05.23"]

1. e4 c5 2. Nc3 Nc6 3. Bb5 Nd4 4. Bd3 g6 5. Nf3 Bg7 6. O-O Nc6 7. h3 d6 8. b3
a6 9. Bb2 b5 10. Rb1 e6 11. a4 b4 12. Ne2 Bxb2 13. Rxb2 Qf6 14. Rb1 Nge7 15. c3
g5 16. Nh2 Ng6 17. Ng4 Qg7 18. f4 h5 19. Ne3 gxf4 20. Nxf4 Nxf4 21. Rxf4 bxc3
22. dxc3 Qxc3 23. Nc4 Qd4+ 24. Kh1 Ne5 25. Nxe5 dxe5 26. Rf6 Ra7 27. Qe2 Rg8
28. Rd1 Qb4 29. Qxh5 Qxb3 30. Be2 Qg3 31. Bf1 c4 32. Qe2 Rc7 33. Rf3 Qh4 34.
Rc3 Bb7 35. Rxc4 Rxc4 36. Qxc4 Qxe4 37. Qxe4 Bxe4 38. Rd6 Ke7 39. Rxa6 Rc8 40.
Ra7+ Kf6 41. Kg1 Rc1 42. Kf2 Rc2+ 43. Kg3 Rc3+ 44. Kf2 Rc2+ 45. Kg3 Rc3+ 46.
Kf2 Rc2+ 1/2-1/2

[Event "4NCL/Div2/WES1 vs. BRI1"]
[Site "West Bromwich ENG"]
[Date "2004.05.23"]
[Round "11.6"]
[White "Helbig, Paul D"]
[Black "Upton, Ian J"]
[Result "0-1"]
[WhiteElo "2195"]
[BlackElo "2224"]
[PlyCount "88"]
[EventDate "2004.05.23"]

1. e4 e6 2. d4 d5 3. Nc3 Nf6 4. Bg5 Be7 5. e5 Nfd7 6. h4 Bxg5 7. hxg5 Qxg5 8.
Nh3 Qe7 9. Nf4 g6 10. Qg4 Nc6 11. O-O-O Nf8 12. Bb5 Bd7 13. Bxc6 Bxc6 14. Rh6
O-O-O 15. a3 Bd7 16. Nd3 b6 17. f4 Be8 18. Qg5 Qd7 19. Nf2 Kb8 20. Qf6 Rg8 21.
Nh3 Rc8 22. Ng5 a5 23. g4 Kb7 24. Nxh7 Nxh7 25. Rxh7 b5 26. b3 Ra8 27. a4 b4
28. Ne2 Rc8 29. Kb2 Kb8 30. Rh3 Qc6 31. Qe7 Bd7 32. c3 Rce8 33. Qxf7 Qa6 34.
Nc1 Bc8 35. Rh7 bxc3+ 36. Kc2 Qb6 37. Nd3 g5 38. Nc5 gxf4 39. Rd3 Ref8 40. Nd7+
Bxd7 41. Qxd7 f3 42. Rxc3 f2 43. Rc6 Qb7 44. Rxc7 Rc8 0-1

[Event "4NCL/Div2/WES1 vs. BRI1"]
[Site "West Bromwich ENG"]
[Date "2004.05.23"]
[Round "11.7"]
[White "Allicock, Rawle A"]
[Black "Collier, David O"]
[Result "1-0"]
[WhiteElo "2279"]
[BlackElo "2225"]
[PlyCount "55"]
[EventDate "2004.05.23"]

1. e4 c5 2. Nf3 d6 3. d4 cxd4 4. Nxd4 Nf6 5. Nc3 a6 6. Be2 e5 7. Nb3 Be7 8. O-O
O-O 9. Be3 Be6 10. Bf3 Nbd7 11. a4 b6 12. Qd2 Nc5 13. Nc1 Rc8 14. N1a2 Qc7 15.
Rfd1 h6 16. Nb4 a5 17. Nbd5 Nxd5 18. Nxd5 Bxd5 19. Qxd5 Nd7 20. Qb5 Nc5 21. Bg4
Rb8 22. Qc4 Qb7 23. Rd5 Kh7 24. h4 Bxh4 25. Rxd6 Qxe4 26. Qxe4+ Nxe4 27. Bf5+
g6 28. Bxe4 1-0

[Event "4NCL/Div2/WES1 vs. BRI1"]
[Site "West Bromwich ENG"]
[Date "2004.05.23"]
[Round "11.8"]
[White "Ashby, Ann-Marie"]
[Black "Norman, Dinah"]
[Result "1-0"]
[WhiteElo "2082"]
[BlackElo "2022"]
[PlyCount "113"]
[EventDate "2004.05.23"]

1. e4 c6 2. d4 d5 3. Nc3 dxe4 4. Nxe4 Nd7 5. Ng5 Ngf6 6. Bd3 e6 7. N1f3 Bd6 8.
Qe2 Qe7 9. Ne5 O-O 10. Bd2 c5 11. Nxd7 Qxd7 12. dxc5 Bxc5 13. O-O-O Qc7 14. Kb1
Bd7 15. Bc3 h6 16. Bxf6 gxf6 17. Nh7 Be7 18. Qg4+ Kh8 19. Nxf6 Bc6 20. Qd4 e5
21. Qh4 Kg7 22. Nh5+ Kh8 23. Qg4 Rg8 24. Qf5 e4 25. Bxe4 Bxe4 26. Qxe4 Rg5 27.
Qd4+ Kg8 28. Nf6+ Bxf6 29. Qxf6 Rc8 30. c3 Rg6 31. Qf5 Rd8 32. Qf3 Rxd1+ 33.
Rxd1 Kg7 34. g3 b6 35. Qa8 Qc5 36. Rd2 Qf5+ 37. Kc1 a5 38. Qd5 Qh3 39. Qe5+ Kh7
40. f4 Re6 41. Qb5 Re1+ 42. Kc2 Qe6 43. Qd3+ Kg7 44. Qd5 Qg6+ 45. f5 Qg5 46.
Qd4+ Kh7 47. g4 Qh4 48. Qxb6 Qxg4 49. Qxa5 Qe4+ 50. Kb3 Rf1 51. Qd5 Qe7 52. Qb5
Re1 53. Qb6 Qe4 54. Qb5 Qf4 55. Qd7 Qb8+ 56. Kc2 Qf8 57. f6 1-0